01513nam a2200301 a 4500001001000000005001700010008004100027041000800068044000800076084002000084100004500104245012100149250000600270260003000276300002200306500024100328500016900569500010400738500005400842500004400896500001000940546002400950650005200974650005601026650003401082650004501116740005001161BRCA_321920190320204153.0030309s1770----enka---###---#000-0#eng-# aeng aenk a520b.S77c17701 aCervantes Saavedra, Miguel ded1547-161610aThe History and Adventures of the Renowned Don QuixotecTranslated from the Spanish of Miguel de Cervantes Saavedra. a4 aLondresbW. Strahanc1770 a4 v.bil.c18 cm. aContenido : v.1. Primera parte. Vida de Cervantes por Smollett. Advertencia del traductor. Prólogo del autor. -- v.2. Texto. -- v.3. Segunda parte. Prólogo del autor. Aprobaciones y licencia de la edición príncipe. -- v.4. Texto aEdición : To which is Prefixed some Account of the Author´s Life by T. Smollett, Illustrated with 28 new Copper-Plates, designed by Hayman and Elegantly Engraved aEjemplar por completo igual al anterior [519]. Piel; lomeras decoradas con dorados Lúdovik Osterc aEstado físico : Cubierta del vol. 1 desprendida aCon ex-libris de : Stewart Marjoribanks aQM780 aTexto en : inglés14aNovela españolayÉpoca clásica, 1500-170014aLiteratura españolayÉpoca clásica, 1500-170014aNovela españolaySiglo XVII14aDon Quijote (Personaje ficticio)eNovela0 aEl Ingenioso Hidalgo Don Quijote de la Mancha